<?xml version="1.0" encoding="UTF-8"?>
<record
    xmlns:xsi="http://www.w3.org/2001/XMLSchema-instance"
    xsi:schemaLocation="http://www.loc.gov/MARC21/slim http://www.loc.gov/standards/marcxml/schema/MARC21slim.xsd"
    xmlns="http://www.loc.gov/MARC21/slim">

  <leader>     nam a22        4500</leader>
  <datafield tag="999" ind1=" " ind2=" ">
    <subfield code="c">146380</subfield>
    <subfield code="d">146378</subfield>
  </datafield>
  <controlfield tag="005">20190605095152.0</controlfield>
  <controlfield tag="008">190121b        mx ||||| |||| 00| 0 spa d</controlfield>
  <datafield tag="020" ind1=" " ind2=" ">
    <subfield code="a">9681620577 (o.c.)</subfield>
  </datafield>
  <datafield tag="020" ind1=" " ind2=" ">
    <subfield code="a">9681620585 (v.1) </subfield>
  </datafield>
  <datafield tag="020" ind1=" " ind2=" ">
    <subfield code="a">9681620593 (v.2) </subfield>
  </datafield>
  <datafield tag="020" ind1=" " ind2=" ">
    <subfield code="a">9681620607 (v.3) </subfield>
  </datafield>
  <datafield tag="020" ind1=" " ind2=" ">
    <subfield code="a">9681620615 (v.4) </subfield>
  </datafield>
  <datafield tag="020" ind1=" " ind2=" ">
    <subfield code="a">9681620623 (v.5) </subfield>
  </datafield>
  <datafield tag="020" ind1=" " ind2=" ">
    <subfield code="a">9681620704 (v.6) </subfield>
  </datafield>
  <datafield tag="020" ind1=" " ind2=" ">
    <subfield code="a">9681620712 (v.7, t.I)</subfield>
  </datafield>
  <datafield tag="020" ind1=" " ind2=" ">
    <subfield code="a">9681620720 (v.8, t.II)</subfield>
  </datafield>
  <datafield tag="050" ind1="0" ind2="4">
    <subfield code="a">F1232.5 </subfield>
    <subfield code="b">B87 1985</subfield>
  </datafield>
  <datafield tag="100" ind1="1" ind2=" ">
    <subfield code="a">Bustamante, Carlos Mar&#xED;a de, </subfield>
    <subfield code="d">1774-1848.</subfield>
  </datafield>
  <datafield tag="245" ind1="1" ind2="0">
    <subfield code="a">Cuadro hist&#xF3;rico de la Revoluci&#xF3;n Mexicana </subfield>
    <subfield code="c">/ Carlos Ma. de Bustamante</subfield>
  </datafield>
  <datafield tag="250" ind1=" " ind2=" ">
    <subfield code="a">1a ed. facsimilar. </subfield>
  </datafield>
  <datafield tag="260" ind1=" " ind2=" ">
    <subfield code="a">M&#xE9;xico : </subfield>
    <subfield code="b">Instituto Cultural Hel&#xE9;nico</subfield>
    <subfield code="b">Fondo de Cultura Econ&#xF3;mica,</subfield>
    <subfield code="c">1985.</subfield>
  </datafield>
  <datafield tag="300" ind1=" " ind2=" ">
    <subfield code="a">t. : </subfield>
    <subfield code="c">24 cm. </subfield>
  </datafield>
  <datafield tag="490" ind1=" " ind2=" ">
    <subfield code="a">Cl&#xE1;sicos de la Historia de M&#xE9;xico</subfield>
    <subfield code="v"> ; v 1-8</subfield>
  </datafield>
  <datafield tag="500" ind1=" " ind2=" ">
    <subfield code="a">Facsimil de: M&#xE9;xico : Imprenta a cargo de J. Mariano Lara, 1842-1844, 1846</subfield>
  </datafield>
  <datafield tag="505" ind1=" " ind2=" ">
    <subfield code="a">Contenido : </subfield>
    <subfield code="g">V.1</subfield>
    <subfield code="t">Cuadro hist&#xF3;rico de la Revoluci&#xF3;n Mexicana</subfield>
  </datafield>
  <datafield tag="505" ind1=" " ind2=" ">
    <subfield code="a">Contenido : </subfield>
    <subfield code="g">V.2</subfield>
    <subfield code="t">Cuadro hist&#xF3;rico de la Revoluci&#xF3;n Mexicana</subfield>
  </datafield>
  <datafield tag="505" ind1=" " ind2=" ">
    <subfield code="a">Contenido : </subfield>
    <subfield code="g">V.3</subfield>
    <subfield code="t">Cuadro hist&#xF3;rico de la Revoluci&#xF3;n Mexicana</subfield>
  </datafield>
  <datafield tag="505" ind1=" " ind2=" ">
    <subfield code="a">Contenido : </subfield>
    <subfield code="g">V.4</subfield>
    <subfield code="t">Cuadro hist&#xF3;rico de la Revoluci&#xF3;n Mexicana</subfield>
  </datafield>
  <datafield tag="505" ind1=" " ind2=" ">
    <subfield code="a">Contenido : </subfield>
    <subfield code="g">V.5</subfield>
    <subfield code="t">Cuadro hist&#xF3;rico de la Revoluci&#xF3;n Mexicana</subfield>
  </datafield>
  <datafield tag="505" ind1=" " ind2=" ">
    <subfield code="a">Contenido : </subfield>
    <subfield code="g">V.6</subfield>
    <subfield code="t">El gabinete mexicano durante el segundo per&#xED;odo de Bustamante hasta la entrega del mando Santa Anna. 
Historia del emperador Agust&#xED;n de Inturbide y establecimiento de la rep&#xFA;blica popular federal. </subfield>
  </datafield>
  <datafield tag="505" ind1=" " ind2=" ">
    <subfield code="a">Contenido : </subfield>
    <subfield code="g">V.7 T.I</subfield>
    <subfield code="t">Continuaci&#xF3;n del cuadro hist&#xF3;rico. 
El gabinete mexicano durante el segundo per&#xED;odo de Bustamante hasta la entrega del mando Santa Anna. 

</subfield>
  </datafield>
  <datafield tag="505" ind1=" " ind2=" ">
    <subfield code="a">Contenido : </subfield>
    <subfield code="g">V.8 T.II</subfield>
    <subfield code="t">Continuaci&#xF3;n del cuadro hist&#xF3;rico : 
El gabinete mexicano durante el segundo per&#xED;odo de Bustamante hasta la entrega del mando Santa Anna. </subfield>
  </datafield>
  <datafield tag="651" ind1=" " ind2=" ">
    <subfield code="2">Lemb</subfield>
    <subfield code="a">M&#xE9;xico</subfield>
    <subfield code="x">Historia</subfield>
    <subfield code="y">Guerra de Independencia, 1810-1821</subfield>
  </datafield>
  <datafield tag="700" ind1="1" ind2=" ">
    <subfield code="a">Labastida Horacio, </subfield>
    <subfield code="e">director de la colecci&#xF3;n</subfield>
  </datafield>
  <datafield tag="710" ind1=" " ind2="2">
    <subfield code="a">Instituto Cultural Hel&#xE9;nico (M&#xE9;xico)</subfield>
  </datafield>
  <datafield tag="942" ind1=" " ind2=" ">
    <subfield code="2">lcc</subfield>
    <subfield code="c">LIB</subfield>
  </datafield>
  <datafield tag="952" ind1=" " ind2=" ">
    <subfield code="1">0</subfield>
    <subfield code="2">lcc</subfield>
    <subfield code="4">0</subfield>
    <subfield code="7">0</subfield>
    <subfield code="a">INV-033</subfield>
    <subfield code="b">INV-033</subfield>
    <subfield code="c">GENERAL</subfield>
    <subfield code="d">2019-01-21</subfield>
    <subfield code="k">CSA</subfield>
    <subfield code="o">F1232.5 B87 1985 V.1</subfield>
    <subfield code="p">IIH000026690</subfield>
    <subfield code="r">2019-01-21 00:00:00</subfield>
    <subfield code="t">C:1</subfield>
    <subfield code="v">0.00</subfield>
    <subfield code="y">LIB</subfield>
    <subfield code="z">GENERAL</subfield>
  </datafield>
  <datafield tag="952" ind1=" " ind2=" ">
    <subfield code="1">0</subfield>
    <subfield code="2">lcc</subfield>
    <subfield code="4">0</subfield>
    <subfield code="7">0</subfield>
    <subfield code="a">INV-033</subfield>
    <subfield code="b">INV-033</subfield>
    <subfield code="c">GENERAL</subfield>
    <subfield code="d">2019-01-21</subfield>
    <subfield code="k">CSA</subfield>
    <subfield code="o">F1232.5 B87 1985 V.2</subfield>
    <subfield code="p">IIH000026691</subfield>
    <subfield code="r">2019-01-21 00:00:00</subfield>
    <subfield code="t">C:1</subfield>
    <subfield code="v">0.00</subfield>
    <subfield code="y">LIB</subfield>
    <subfield code="z">GENERAL</subfield>
  </datafield>
  <datafield tag="952" ind1=" " ind2=" ">
    <subfield code="1">0</subfield>
    <subfield code="2">lcc</subfield>
    <subfield code="4">0</subfield>
    <subfield code="7">0</subfield>
    <subfield code="a">INV-033</subfield>
    <subfield code="b">INV-033</subfield>
    <subfield code="c">GENERAL</subfield>
    <subfield code="d">2019-01-22</subfield>
    <subfield code="k">CSA</subfield>
    <subfield code="o">F1232.5 B87 1985 V.3</subfield>
    <subfield code="p">IIH000026692</subfield>
    <subfield code="r">2019-01-22 00:00:00</subfield>
    <subfield code="t">C:1</subfield>
    <subfield code="v">0.00</subfield>
    <subfield code="y">LIB</subfield>
    <subfield code="z">GENERAL</subfield>
  </datafield>
  <datafield tag="952" ind1=" " ind2=" ">
    <subfield code="1">0</subfield>
    <subfield code="2">lcc</subfield>
    <subfield code="4">0</subfield>
    <subfield code="7">0</subfield>
    <subfield code="a">INV-033</subfield>
    <subfield code="b">INV-033</subfield>
    <subfield code="c">GENERAL</subfield>
    <subfield code="d">2019-01-22</subfield>
    <subfield code="k">CSA</subfield>
    <subfield code="o">F1232.5 B87 1985 V.4</subfield>
    <subfield code="p">IIH000026693</subfield>
    <subfield code="r">2019-01-22 00:00:00</subfield>
    <subfield code="t">C:1</subfield>
    <subfield code="v">0.00</subfield>
    <subfield code="y">LIB</subfield>
    <subfield code="z">GENERAL</subfield>
  </datafield>
  <datafield tag="952" ind1=" " ind2=" ">
    <subfield code="1">0</subfield>
    <subfield code="2">lcc</subfield>
    <subfield code="4">0</subfield>
    <subfield code="7">0</subfield>
    <subfield code="a">INV-033</subfield>
    <subfield code="b">INV-033</subfield>
    <subfield code="c">GENERAL</subfield>
    <subfield code="d">2019-01-22</subfield>
    <subfield code="k">CSA</subfield>
    <subfield code="o">F1232.5 B87 1985 V.5</subfield>
    <subfield code="p">IIH000026694</subfield>
    <subfield code="r">2019-01-22 00:00:00</subfield>
    <subfield code="t">C:1</subfield>
    <subfield code="v">0.00</subfield>
    <subfield code="y">LIB</subfield>
    <subfield code="z">GENERAL</subfield>
  </datafield>
  <datafield tag="952" ind1=" " ind2=" ">
    <subfield code="1">0</subfield>
    <subfield code="2">lcc</subfield>
    <subfield code="4">0</subfield>
    <subfield code="7">0</subfield>
    <subfield code="a">INV-033</subfield>
    <subfield code="b">INV-033</subfield>
    <subfield code="c">GENERAL</subfield>
    <subfield code="d">2019-01-22</subfield>
    <subfield code="k">CSA</subfield>
    <subfield code="o">F1232.5 B87 1985 V.6</subfield>
    <subfield code="p">IIH000026695</subfield>
    <subfield code="r">2019-01-22 00:00:00</subfield>
    <subfield code="t">C:1</subfield>
    <subfield code="v">0.00</subfield>
    <subfield code="y">LIB</subfield>
    <subfield code="z">GENERAL</subfield>
  </datafield>
  <datafield tag="952" ind1=" " ind2=" ">
    <subfield code="1">0</subfield>
    <subfield code="2">lcc</subfield>
    <subfield code="4">0</subfield>
    <subfield code="7">0</subfield>
    <subfield code="a">INV-033</subfield>
    <subfield code="b">INV-033</subfield>
    <subfield code="c">GENERAL</subfield>
    <subfield code="d">2019-01-22</subfield>
    <subfield code="k">CSA</subfield>
    <subfield code="o">F1232.5 B87 1985 V.8 T.II</subfield>
    <subfield code="p">IIH000026697</subfield>
    <subfield code="r">2019-01-22 00:00:00</subfield>
    <subfield code="t">C:1</subfield>
    <subfield code="y">LIB</subfield>
    <subfield code="z">GENERAL</subfield>
  </datafield>
  <datafield tag="952" ind1=" " ind2=" ">
    <subfield code="1">0</subfield>
    <subfield code="2">lcc</subfield>
    <subfield code="4">0</subfield>
    <subfield code="7">0</subfield>
    <subfield code="a">INV-033</subfield>
    <subfield code="b">INV-033</subfield>
    <subfield code="c">GENERAL</subfield>
    <subfield code="d">2019-06-12</subfield>
    <subfield code="k">CSA</subfield>
    <subfield code="o">F1232.5 B87 1985 V.7 T.I</subfield>
    <subfield code="p">IIH000026696</subfield>
    <subfield code="r">2019-06-12 00:00:00</subfield>
    <subfield code="t">C:1</subfield>
    <subfield code="v">1.00</subfield>
    <subfield code="y">LIB</subfield>
    <subfield code="z">GENERAL</subfield>
  </datafield>
</record>
